000 00786nam a22002297a 4500
003 OSt
005 20180716103044.0
008 180305b xxu||||| |||| 00| 0 spa d
020 _a9505360460
040 _cPJ
100 _91376
_aCapón Filas, Rodolfo E.
245 1 0 _aLey de empleo /
_cRodolfo E. Capón Filas.
260 _aLa Plata :
_bLep,
_c1992.
300 _a257 p.
_c23 cm.
505 _aContenido: Análisis práctico de la ley 24.013 y decretos reglamentarios. Valoración constitucional. Ubicación en el Mercosur. Derecho comparado.
650 0 _91316
_aDERECHO LABORAL
650 0 _91374
_aLEY DE EMPLEO
651 0 _9232
_aARGENTINA
653 _aLEY 24.013
710 _aArgentina. Leyes, decretos, etc. Ley nº 24.013
942 _2udc
_cLIB
_h349.22
_iCAP
999 _c959
_d959